Viola /

में बचाया:
ग्रंथसूची विवरण
अन्य लेखक: Maiorca, Donatella (निर्देशक), Rocca, Stefania, (1971- ) (अभिनेता), Crippa, Maddalena (अभिनेता), Rota, Stefano (attore) (अभिनेता)
स्वरूप: स्लाइड
भाषा:इतालवी
प्रकाशित: \Milano! : Mondadori, \1998?!
श्रृंखला:I grandi film di Panorama
टैग: टैग जोड़ें
कोई टैग नहीं, इस रिकॉर्ड को टैग करने वाले पहले व्यक्ति बनें!

MARC

LEADER 00000ngm a22000007i 4500
001 IT\ICCU\FER\0177620
003 ItRI
005 20260124182818.0
008 000224s1998 it |||||||||||||||k|||||c
040 |b ita 
041 7 |a ita  |2 ISO-639-2 
130 0 |a Viola <film ; 1998>  |3 IT\ICCU\UFE\0757537 
245 0 0 |a Viola /  |c regia di Donatella Maiorca. 
246 1 3 |a Viol\at!.  |9 IT\ICCU\FER\0177659 
260 |a \Milano! :  |b Mondadori,  |c \1998?! 
300 |a 1 videocassetta (VHS) (circa 99 min) :  |b color., sonor 
500 |a Titolo del contenitore 
500 |a Interpreti: Stefania Rocca, Stefano Rota, Maddalena Crippa ... et al 
500 |a Produzuzione cinematografica: Italia, 1998 
500 |a Vietato ai minori di 14 anni. 
700 1 |a Maiorca, Donatella  |0 IT\ICCU\FERV\074478  |4 drt 
700 1 |a Rocca, Stefania,  |d  (1971- )  |0 IT\ICCU\UBOV\490880  |4 act 
700 1 |a Crippa, Maddalena  |0 IT\ICCU\UBOV\490881  |4 act 
700 1 |a Rota, Stefano  |c  (attore)  |0 IT\ICCU\UFEV\318678  |4 act 
830 2 |a I grandi film di Panorama  |0 IT\ICCU\RAV\1132411 
942 |2 ddc  |c VM  |n 0 
952 |0 0  |1 0  |4 0  |6 VO_590_000000000000000  |7 0  |9 26747  |a BO  |b BO  |d 2026-01-24  |i 7170  |l 0  |o VO 590  |p BO7170  |r 2026-01-24 18:28:18  |w 2026-01-24  |x [Sebina 5] [1 videocassetta]  |y VM  |z 1 videocassetta 
999 |c 22620  |d 22620